000 00722nam a22002057a 4500
999 _c17934
_d17934
003 OSt
005 20231027132817.0
008 230206b ||||| |||| 00| 0 eng d
040 _c0
082 _aDPer 510.5 Am351 June - August 2021 v143 no. 3-4
100 _aGimperlein, Heiko.
_eauthor.
_947741
245 _aOn the magnitude function of domains in Euclidean space /
_cHeiko Gimperlein and Magnus Goffeng
260 _aBaltimore, Maryland U.S.,
_bJohns Hopkins University Press,
_cJune 2021.
300 _avolume 143, pages 939-967.
650 _aFunctions.
_947742
650 _aGeometry.
_947743
650 _aMathematical analysis.
_915001
700 _aGimperlein, Heiko.
_eauthor.
_947741
942 _2ddc
_cPER